000 00568nam a22001817a 4500
005 20251108165407.0
008 250721s1964 xx 000 0 ara d
082 1 4 _aم/924.1/سيو
100 1 _aالسيوطي، جلال الدين عبد الرحمن
245 1 0 _aكتاب بغية الوعاه في طبقات اللغويين و النحاه /
264 1 _aبيروت :
_bدار المعرفة،
_c1964.
300 _a461ص
650 1 7 _aاللغويون
650 1 7 _aالتراجم
650 1 7 _aالنحويون
942 _2ddc
_cREF
999 _c26841
_d26841